00588cam a22002051 4500001001300000003000400013005001700017008004100034010001700075035002000092040001900112042001200131050001800143060002300161100003700184245009100221260002800312300002500340999001700365med47000247 DLC20260227111558.0810725s1946 xx ac 000 0 nor  amed47000247  a(OCoLC)14728438 aDLCcDNLMdDLC apremarc00aRS165.P38bT50 aQV 354bT448p 19461 aThjøtta, Th.q(Theodor),d1885-10aPenicillin og andre antibiotika;bhistorie, fremstilling og anvendelse i medisinen ... a[Oslo]bDreyerc[c1946] a118 p.bill., ports. c38010d38010